ロード中...
| LEADER | 00790nam a22002051a 4500 | ||
|---|---|---|---|
| 020 | |a 9788171301867 |c 0.00 | ||
| 040 | |a SSUS - Library - Kalady | ||
| 082 | |a M803 SAN THA |b N92 | ||
| 100 | |a Sanu M K | ||
| 245 | |a Thaazhvarayile sandhya |h [Text] | ||
| 260 | |a Kottayam |b D C Books |c 1992 | ||
| 300 | |a 163p. | ||
| 600 | |a Memoirs | ||
| 852 | |k CD Library |h M803 SAN THA |i N92 |p CD372 |9 35.00 |t 0 | ||
| 852 | |k CD Library |h M803 SAN THA |i N92 |p CD373 |9 35.00 |t 0 | ||
| 942 | |c CDL | ||
| 942 | |c CDL | ||
| 999 | |c 46513 |d 46513 | ||
| 952 | |0 0 |1 0 |4 0 |6 CD_M803_SAN_THA_N92 |7 0 |9 67232 |a SSUS |b SSUS |d 2015-01-08 |g 35.00 |o CD M803 SAN THA N92 |p CD372 |r 2015-01-08 |v 0.00 |w 2015-01-08 |y CDL | ||
| 952 | |0 0 |1 0 |4 0 |6 CD_M803_SAN_THA_N92 |7 0 |9 67233 |a SSUS |b SSUS |d 2015-01-08 |g 35.00 |o CD M803 SAN THA N92 |p CD373 |r 2015-01-08 |v 0.00 |w 2015-01-08 |y CDL | ||